000 01500nam a2200433 i 4500
001 44601
003 KOSZ 005
005 20221125094645.0
008 980702s1994 pl a |001 0 pol
015 _aPB 1996/7157
020 _a8385845119
040 _aWA N
_cWA N
_dKOSZ 005/HR
041 1 _apol
_hger
046 _k1994
080 _a165
080 _a1
100 1 _aNelson, Leonard
_d(1882-1927)
_eAutor
245 1 0 _aO sztuce filozofowania /
_cLeonard Nelson ; wybór, przekł. i przedm. Tadeusz Kononowicz, Piotr Waszczenko.
260 _aKraków :
_bWydawnictwo Baran i Suszczyński,
_c1994.
300 _a222 s. :
_b1 portr. ;
_c20 cm.
336 _2rdacontent
_aTekst
_btxt
337 _2rdamedia
_aBez urządzenia pośredniczącego
_bn
338 _2rdacarrier
_aWolumin
_bnc
380 _aKsiążki
388 _a1901-2000
388 _a1989-2000
500 _aWybór z : "Gesammelte Schriften".
504 _aBibliogr. s. 219-220. Indeks.
600 0 4 _aSokrates
_d(469-399 p.n.e.)
600 1 4 _aKant, Immanuel
_d(1724-1804)
650 4 _aFilozofia
650 4 _aTeoria poznania
658 _aFilozofia i etyka
700 1 _aKononowicz, Tadeusz
_eTłumaczenie
700 1 _aWaszczenko, Piotr
_d(1942-1998)
_eTłumaczenie
710 2 _aWydawnictwo Baran i Suszczyński
856 _uhttp://koha.tu.koszalin.pl/cgi-bin/koha/opac-detail.pl?biblionumber=44601
_yKatalog online BPK
942 _2UKD
_cKS
999 _c44601
_d44601